000 00308 a2200133 4500
001 155466
040 _cEscola São Tomás de Aquino
100 _aCOELHO, Ronaldo Simões
240 1 0 _aO pato poliglota
_lpor
245 1 0 _aO pato poliglota
362 0 _a2017
697 _a*LITERATURA INFANTO
942 _cBK
999 _c155466
_d155466